| 000 | 00302nam a22001097a 4500 | ||
|---|---|---|---|
| 082 | _a27175 | ||
| 100 |
_aRAY K. LINSLEY, JR. MAX A. KOHLER _951247 |
||
| 245 | _aHydrology for Engineers | ||
| 260 |
_aMcGraw-Hill Book Company _bLondon _c1988 |
||
| 526 |
_a0 _b0 _c0 _d27175_000000000000000 |
||
| 942 |
_2ddc _cBK |
||
| 999 |
_c553978 _d553978 |
||